[Event "IECG TE.2006.P.02117"]
[Site "IECG email"]
[Date "2006.03.17"]
[Round "?"]
[White "Gonzalez Jeldres, Nelson"]
[Black "Fineboim, Igor"]
[Result "0-1"]
[WhiteElo "1895"]
[BlackElo "2172"]
[PlyCount "45"]
[EventDate "2006.03.17"]
[EventType "tourn (corr)"]
[EventRounds "2"]
[SourceTitle "Corr 2008"]
[Source "ChessBase"]
[SourceDate "2008.06.24"]
[SourceVersion "1"]
[SourceVersionDate "2008.06.24"]
[SourceQuality "1"]

1. e4 c5 2. f4 g6 3. Nc3 Bg7 4. Nf3 Nc6 5. Bc4 e6 6. 0-0 Nge7 7. d3 d5 8. exd5 exd5 9. Bb3 0-0 10. Re1 Bg4 11. h3 Bxf3 12. Qxf3 c4 13. dxc4 dxc4 14. Ba4 Bxc3 15. Qxc3 b5 16. Bxb5 Qb6+ 17. Be3 Qxb5 18. a4 Qd5 19. Rad1 Qh5 20. Qxc4 Rab8 21. b3 Rfc8 22. Bf2 Nb4 23. Qf1 0-1

[Event "IECG CB.2003.0.00100 email"]
[Site "IECG email"]
[Date "2003.11.30"]
[Round "?"]
[White "Orsolic, Marijan"]
[Black "Gonzalez Jeldres, Nelson"]
[Result "1-0"]
[WhiteElo "1994"]
[BlackElo "1895"]
[PlyCount "23"]
[EventDate "2003.11.30"]
[EventType "tourn (corr)"]
[EventRounds "6"]
[SourceTitle "Corr 2008"]
[Source "ChessBase"]
[SourceDate "2008.06.24"]
[SourceVersion "1"]
[SourceVersionDate "2008.06.24"]
[SourceQuality "1"]

1. e4 c5 2. c3 d5 3. exd5 Qxd5 4. d4 cxd4 5. cxd4 Nc6 6. Nf3 Bg4 7. Nc3 Qa5 8. d5 Rd8 9. Bd2 Nb8 10. Nb5 Bxf3 11. gxf3 Qb6 12. Qa4 1-0